000 00418nam a2200169Ia 4500
003 LK-CoDNM
008 010623t1830 xxu||||| |||| 00| 1 eng d
040 _aLK-CoDNM
_dLK-CoDNM
_eLK-CoDNM
041 _aeng
080 _a9 W 11
100 _aHImself
245 _aThe Life of Alexander Alexander
260 _bWilliam Blackwood
_aLondon
_c1830
300 _bvii,327p., 16 cm
700 _aHowell,John.
942 _cBK
999 _c81061
_d81061